the cure - Olivia Rodrigo - Statistics

General Stats
  • This quiz has been taken 5 times
  • The average score is 348 of 376
Answer Stats
% Correct
a
100%
All
100%
all
100%
And
100%
and
100%
antidote
100%
anymore
100%
be
100%
bloodstream,
100%
bloodstream
100%
but
100%
But
100%
can't
100%
cry
100%
cure
100%
cure,
100%
don't
100%
doubt
100%
feels
100%
for
100%
found
100%
full
100%
game
100%
girls
100%
good
100%
got
100%
hard
100%
he
100%
head
100%
heart
100%
how
100%
I
100%
I'm
100%
(I'm
100%
in
100%
is
100%
it
100%
It
100%
it's
100%
It's
100%
like
100%
line
100%
love
100%
matter
100%
me,
100%
me
100%
medication,
100%
my
100%
never
100%
of
100%
out
100%
play
100%
poison,
100%
pretty
100%
so
100%
start
100%
suck
100%
sure
100%
the
100%
this
100%
thought
100%
time
100%
to
100%
toxins
100%
unraveled
100%
unraveled)
100%
unraveled,
100%
Used
100%
when
100%
with
100%
you
100%
your
100%
alone,
75%
date
75%
enough,
75%
enough?
75%
enough
75%
Feeling
75%
foreground
75%
fucked
75%
guy
75%
It'll
75%
mind
75%
moon
75%
moving
75%
oh
75%
Oh,
75%
on
75%
room
75%
that
75%
'til
75%
tried
75%
Why
75%
as
50%
bad
50%
'Cause,
50%
come
50%
done
50%
'em
50%
fighting
50%
I'd
50%
keep
50%
might
50%
nights
50%
not
50%
spent
50%
stitch
50%
Tally
50%
they
50%
thoughts
50%
up
50%
up?
50%
well
50%
will
50%
baby,
25%
because
25%
ever
25%
nеver
0%
unraveled (I'm
0%
No matching quizzes found
Score Distribution
Percent of People with Each Score
Percentile by Number Answered
Your Score History
You have not taken this quiz